கலாபூஷணம் பீ.ஏம். புன்னியாமீன்: ஒரு மனிதநேயரின் கதை /

Saved in:
Bibliographic Details
Other Authors: புன்னியாமீன், பீ.ஏம்
Format: Book
Published: லண்டன் தேசம் வெளியீட்டகம் 2016
Tags: Add Tag
No Tags, Be the first to tag this record!

MARC

LEADER 00000nam a22000007a 4500
020 |a 9780993014345 
082 |a T-894.811092  |b செல்வ 
245 |a கலாபூஷணம் பீ.ஏம். புன்னியாமீன்:   |b ஒரு மனிதநேயரின் கதை / 
260 |a லண்டன்  |b தேசம் வெளியீட்டகம்  |c 2016 
300 |a xx, 151 p.  |b pic 
700 |a புன்னியாமீன், பீ.ஏம்.  |9 85573 
942 |c BK 
999 |c 36434  |d 36434